[Event "Madrid San Viator op-B 27th"]
[Site "Madrid"]
[Date "2016.11.13"]
[Round "8"]
[White "Cabello Rodriguez, Raul"]
[Black "Jimenez Alvaro, Angel"]
[Result "0-1"]
[WhiteElo "1571"]
[BlackElo "1743"]
[PlyCount "64"]
[EventDate "2016.09.25"]
[EventType "swiss"]
[EventRounds "9"]
[EventCountry "ESP"]
[SourceTitle "EXT 2019"]
[Source "ChessBase"]
[SourceDate "2018.10.10"]
[SourceVersion "1"]
[SourceVersionDate "2018.10.10"]
[SourceQuality "1"]

1. e4 e6 2. d3 d5 3. Nd2 Nf6 4. Be2 c5 5. Ngf3 Nc6 6. c3 d4 7. Nc4 Qc7 8. a4 e5 9. h3 Be7 10. Na3 a6 11. c4 Bd7 12. Bd2 Qb6 13. Rb1 Nb4 14. Nxe5 0-0 15. Bg5 Qe6 16. f4 Rad8 17. 0-0 Nc6 18. Bxf6 Qxf6 19. Nxd7 Rxd7 20. Bg4 Rdd8 21. Nc2 Rb8 22. b3 b5 23. e5 Qg6 24. axb5 axb5 25. Qf3 Bd8 26. Rfe1 Ba5 27. Re2 bxc4 28. dxc4 d3 29. f5 dxc2 30. Rxc2 Nxe5 31. Qd5 Qf6 32. Qxc5 Bb6 0-1

[Event "Madrid San Viator op-B 27th"]
[Site "Madrid"]
[Date "2016.09.25"]
[Round "1"]
[White "Jimenez Alvaro, Angel"]
[Black "Martin Rodriguez, Jose Luis"]
[Result "1-0"]
[WhiteElo "1743"]
[BlackElo "1378"]
[PlyCount "106"]
[EventDate "2016.09.25"]
[EventType "swiss"]
[EventRounds "9"]
[EventCountry "ESP"]
[SourceTitle "EXT 2017"]
[Source "ChessBase"]
[SourceDate "2016.10.25"]
[SourceVersion "1"]
[SourceVersionDate "2016.10.25"]
[SourceQuality "1"]

1. d4 Nf6 2. Bf4 e6 3. e3 c5 4. c3 Qb6 5. Qc2 Nc6 6. Nd2 d5 7. Ngf3 Be7 8. b3 Qd8 9. Bd3 cxd4 10. cxd4 Bd7 11. a3 Nh5 12. Be5 Nxe5 13. Nxe5 Nf6 14. 0-0 Bd6 15. Qd1 h5 16. h3 a6 17. Qe2 Qb6 18. f4 Bb5 19. Bxb5+ axb5 20. b4 Nd7 21. Qf3 Be7 22. Nb3 Nf6 23. Nc5 Bxc5 24. bxc5 Qd8 25. Rfb1 Ra5 26. Qf1 0-0 27. Rxb5 Ra7 28. Qb1 Qa8 29. Qb3 Ne4 30. a4 Nd2 31. Qb4 Nc4 32. Nxc4 dxc4 33. Qxc4 Rc8 34. Qb3 Rc6 35. Rb1 Rc7 36. a5 Kh7 37. Qd3+ g6 38. Qd2 Kh6 39. d5 Rd7 40. d6 Qd8 41. Qb4 h4 42. Qe4 Qf6 43. Rxb7 Raxb7 44. Rxb7 Qa1+ 45. Kh2 f5 46. Qe5 Qxe5 47. fxe5 Rxb7 48. c6 Rb5 49. c7 Rc5 50. d7 Rxc7 51. d8Q Rc3 52. Qxh4+ Kg7 53. Qe7+ Kh6 1-0

[Event "Madrid San Viator op-B 25th"]
[Site "Madrid"]
[Date "2015.10.11"]
[Round "2"]
[White "Jimenez Alvaro, Angel"]
[Black "Dominguez Lerida, Nicolas"]
[Result "1-0"]
[WhiteElo "1742"]
[BlackElo "1509"]
[PlyCount "87"]
[EventDate "2015.10.04"]
[EventType "swiss"]
[EventRounds "9"]
[EventCountry "ESP"]
[SourceTitle "EXT 2019"]
[Source "ChessBase"]
[SourceDate "2018.10.10"]
[SourceVersion "1"]
[SourceVersionDate "2018.10.10"]
[SourceQuality "1"]

1. d4 d5 2. Bf4 e6 3. e3 Nf6 4. Nd2 Be7 5. Bd3 0-0 6. Ngf3 Nbd7 7. Ne5 c5 8. c3 c4 9. Bc2 Qb6 10. Rb1 Bd6 11. g4 g6 12. h4 Qc7 13. Nxd7 Nxd7 14. Bh6 Re8 15. h5 e5 16. hxg6 fxg6 17. dxe5 Nxe5 18. Nf3 Bxg4 19. Qxd5+ Be6 20. Qd1 Bg4 21. Be4 Nxf3+ 22. Bxf3 Bxf3 23. Qxf3 Qf7 24. Qxf7+ Kxf7 25. Rd1 Re6 26. Rh4 Rc8 27. Rhd4 Rc6 28. Ke2 Kf6 29. f4 Bc5 30. Bg5+ Kf5 31. Kf3 Rxe3+ 32. Kxe3 Re6+ 33. Kf3 Bxd4 34. Rxd4 Rc6 35. Rd5+ Ke6 36. Ke4 Rb6 37. Rd2 Ra6 38. a3 Rc6 39. Kd4 Rd6+ 40. Ke3 Rc6 41. Kf3 h5 42. Re2+ Kd5 43. Be7 b6 44. Re5# 1-0